Fundamentals of metal-matrix composites (Record no. 269235)
[ view plain ]
| 000 -LEADER | |
|---|---|
| fixed length control field | 00235 a2200097 4500 |
| 001 - CONTROL NUMBER | |
| control field | 34162 |
| 090 ## - LOCALLY ASSIGNED LC-TYPE CALL NUMBER (OCLC); LOCAL CALL NUMBER (RLIN) | |
| -- | 22641 |
| -- | 22641 |
| 100 ## - MAIN ENTRY--PERSONAL NAME | |
| Personal name | Suresh Subra |
| 245 ## - TITLE STATEMENT | |
| Title | Fundamentals of metal-matrix composites |
| 260 ## - PUBLICATION, DISTRIBUTION, ETC. | |
| Place of publication, distribution, etc. | Boston |
| Name of publisher, distributor, etc. | Butterworth-Heinemann |
| Date of publication, distribution, etc. | 1993 |
| 942 ## - ADDED ENTRY ELEMENTS (KOHA) | |
| Institution code [OBSOLETE] | NUST-CAE |
| Withdrawn status | Lost status | Damaged status | Not for loan | Collection code | Permanent Location | Current Location | Date acquired | Total Checkouts | Barcode | Date last seen | Price effective from | Koha item type |
|---|---|---|---|---|---|---|---|---|---|---|---|---|
| College of Aeronautical Engineering (CAE) | College of Aeronautical Engineering (CAE) | 04/03/2017 | CAE73613 | 04/05/2017 | 04/05/2017 | Book |
